000
00363nam a2200145Ia 4500
008
230718s9999 xx 000 0 und d
041
_a
Eng.
082
_a
891.42
_b
حمی-ڈ
100
_a
حمیده زایده
245
0
_a
ڈی این در آرایی
260
_a
Pakistan
_b
فرینہ علم وادب
_c
1202
300
_a
208
650
_a
Law
999
_c
28778
_d
28778